Bontrager's handbook of radiographic positioning and techniques / (Record no. 358441)
[ view plain ]
| 000 -LEADER | |
|---|---|
| fixed length control field | 00488nam a2200145Ia 4500 |
| 008 - FIXED-LENGTH DATA ELEMENTS--GENERAL INFORMATION | |
| fixed length control field | 180901s9999 xx 000 0 und d |
| 020 ## - INTERNATIONAL STANDARD BOOK NUMBER | |
| International Standard Book Number | 9780323485258 |
| 100 ## - MAIN ENTRY--PERSONAL NAME | |
| Personal name | Lampignano,John P. |
| 245 ## - TITLE STATEMENT | |
| Statement of responsibility, etc | John P. Lampignano,Leslie E. Kendrick.-- |
| Title | Bontrager's handbook of radiographic positioning and techniques / |
| 250 ## - EDITION STATEMENT | |
| Edition statement | 9th ed |
| 260 ## - PUBLICATION, DISTRIBUTION, ETC. (IMPRINT) | |
| Place of publication, distribution, etc | USA : |
| Name of publisher, distributor, etc | Elsevier |
| Date of publication, distribution, etc | 2018 |
| 300 ## - PHYSICAL DESCRIPTION | |
| Extent | 327 pages. |
| Other physical details | illustrations ; |
| 650 ## - SUBJECT ADDED ENTRY--TOPICAL TERM | |
| Topical term or geographic name as entry element | Human anatomy. |
| 650 ## - SUBJECT ADDED ENTRY--TOPICAL TERM | |
| Topical term or geographic name as entry element | Radiography, Medical -- Positioning. |
| Withdrawn status | Lost status | Damaged status | Home library | Current library | Shelving location | Date acquired | Source of acquisition | Total Checkouts | Full call number | Barcode | Date last seen | Price effective from | Koha item type |
|---|---|---|---|---|---|---|---|---|---|---|---|---|---|
| South SEED-LPDH College Library | South SEED-LPDH College Library | South SEED-LPDH College Section | 09/01/2018 | Library Fund | RC 78.4 L238 2018 | SSLC1694 | 09/01/2018 | 09/01/2018 | Books |